书目信息 |
| 题名: |
国际学术交流英语
|
|
| 作者: | 何宇廷 , 任君 主编 | |
| 分册: | ||
| 出版信息: | 西安 陕西科学技术出版社 2007.09 |
|
| 页数: | 310页 | |
| 开本: | 26cm | |
| 丛书名: | ||
| 单 册: | ||
| 中图分类: | H31 | |
| 科图分类: | ||
| 主题词: | 英语--ying yu--高等学校--教材 | |
| 电子资源: | ||
| ISBN: | 978-7-5369-4211-0 | |
| 000 | 01052nam0 2200277 450 | |
| 001 | 012008656182 | |
| 005 | 20080603091815.46 | |
| 010 | @a978-7-5369-4211-0@dCNY39.80 | |
| 100 | @a20080603d2007 em y0chiy0120 ea | |
| 101 | 0 | @achi@aeng |
| 102 | @aCN@b610000 | |
| 105 | @ay a 000yy | |
| 106 | @ar | |
| 200 | 1 | @a国际学术交流英语@Aguo ji xue shu jiao liu ying yu@d= English for international academic communication@f何宇廷, 任君主编@Fhe yu ting,ren jun zhu bian@zeng |
| 210 | @a西安@c陕西科学技术出版社@d2007.09 | |
| 215 | @a310页@d26cm | |
| 300 | @a高等学校使用教材 | |
| 320 | @a有书目 (第308-310页) | |
| 330 | @a全书共分四大部分,共八章。包括如何撰写国际学术论文、如何出席和组织国际学术会议、邀请国外学者进行学术访问和出国从事学术访问的程序以及注意事项等内容。 | |
| 510 | 1 | @aEnglish for international academic communication@zeng |
| 606 | 0 | @a英语@Aying yu@x高等学校@j教材 |
| 690 | @aH31@v4 | |
| 701 | 0 | @a何宇廷@Ahe yu ting@4主编 |
| 701 | 0 | @a任君@Aren jun@4主编 |
| 801 | 0 | @aCN@bQSSK@c20080603 |
| 905 | @b723033-35@dH31@eH226@f3 | |
| 国际学术交流英语= English for international academic communication/何宇廷, 任君主编.-西安:陕西科学技术出版社,2007.09 |
| 310页;26cm |
| 高等学校使用教材 |
| ISBN 978-7-5369-4211-0:CNY39.80 |
| 全书共分四大部分,共八章。包括如何撰写国际学术论文、如何出席和组织国际学术会议、邀请国外学者进行学术访问和出国从事学术访问的程序以及注意事项等内容。 |
| ● |
| 相关链接 |
|
|
|
正题名:国际学术交流英语
索取号:H31/H226
 
预约/预借
| 序号 | 登录号 | 条形码 | 馆藏地/架位号 | 状态 | 备注 |
| 1 | 723033 | 207230334 | 管理学院资料室/209语言库 76排2列1层/ [索取号:H31/H226] | 在馆 | |
| 2 | 723034 | 207230343 | 管理学院资料室/209语言库 76排2列1层/ [索取号:H31/H226] | 在馆 | |
| 3 | 723035 | 207230352 | 管理学院资料室/209语言库 76排2列1层/ [索取号:H31/H226] | 在馆 |